Кассовая книга по собственной сумме 1871 года

Доступно только в Электронных читальных залах Найти на картеНа карте
RUSMARC
00003696nmc2a22002413x 450
00158d54d8a-ae81-4895-8157-811ad1aff693
00520210421185940.0
100##$a20201030l18711871k l0rusy0189 ca
1010#$arus
102##$aRU
105##$ay###
1222#$ad
2001#$aКассовая книга по собственной сумме 1871 года
$j2 января - 31 декабря 1871 г.
215##$a159 л.
$d40х28 см
251##$cДело
300##$aДело
371##$aДокумент не является опубликованным и широко распространяемым
461#0$1001523d12d2-4a37-4177-a83e-48262505de72
$12001
$aКонтора Двора наследника великого князя Александра Александровича Министерства императорского двора
$1251
$cФонд
$1852
$j1339
462#0$1001491caabc-e945-4aff-b3be-bff7dc9805bf
$12001
$aКонтора Двора наследника великого князя Александра Александровича Министерства императорского двора
$1251
$cОпись
$1852
$j2
801#0$aRU
$bРГИА
$c20201030
$gRCR
801#1$aRU
$bГлавНИВЦ
$c20201030
$2rusmarc
801#2$aRU
$bПБ им. Б.Н. Ельцина
$c20210421
$gRCR
$2rusmarc
850##$aРГИА
852##$aРГИА
$eФедеральное казенное учреждение "Российский государственный исторический архив" (РГИА)
$j182
937##$hРГИА
$d12347789
$aASBIBLIO_SCAN
035##$aRusGRCC00010840
856##$uhttp://readingroom.main.prlib.ru/item.aspx?id_node=n162863111&mode=full
Формат отображения